| 000 | 02188nam a22003497a 4500 | ||
|---|---|---|---|
| 001 | 101070 | ||
| 003 | KnowledgeUnlatched | ||
| 005 | 20210303105246.0 | ||
| 006 | m o d | ||
| 007 | cr u|||||||||| | ||
| 008 | 210129p20132019gw o u00| u eng d | ||
| 037 | _5BiblioBoard | ||
| 245 | 0 | 0 |
_aApproaches to World Literature _cJoachim Küpper. |
| 020 | _a9783050064956 | ||
| 029 | 1 | _ahttps://library.biblioboard.com/ext/api/media/a2a8b116-aab7-4a41-abea-b896df293ae5/assets/thumbnail.jpg | |
| 040 |
_aScCtBLL _cScCtBLL |
||
| 506 | 0 |
_aAccess copy available to the general public. _fUnrestricted _2star |
|
| 700 | 1 |
_aKüpper, Joachim _eeditor. |
|
| 264 | 1 | _bAkademie Verlag, | |
| 300 | _a1 online resource (181 p.) | ||
| 520 | _aThe present volume introduces new considerations on the topic of "World Literature", penned by leading representatives of the discipline from the United States, India, Japan, the Middle East, England, France and Germany. The essays revolve around the question of what, specifically in today's rapidly globalizing world, may be the productive implications of the concept of World Literature, which was first developed in the 18th century and then elaborated on by Goethe. The discussions include problems such as different script systems with varying literary functions, as well as questions addressing the relationship between ethnic self-description and cultural belonging. The contributions result from a conference that took place at the Dahlem Humanities Center, Freie Universität Berlin, in 2012. | ||
| 588 | 0 | _aDescription based on print version record. | |
| 590 | _aKU Select 2017: Backlist Collection | ||
| 650 | 7 |
_aLiterary Criticism _2bisacsh |
|
| 650 | 0 |
_aLiterature _xHistory and criticism |
|
| 655 | 0 | _aElectronic books. | |
| 758 |
_iIs found in: _aKnowledge Unlatched _1https://openresearchlibrary.org/module/2774bc74-146a-484f-a7ba-ab1d6a09bbfb |
||
| 856 | 4 | 0 |
_uhttps://openresearchlibrary.org/content/a2a8b116-aab7-4a41-abea-b896df293ae5 _zView this content on Open Research Library. _70 |
| 999 |
_c33995 _d33995 |
||